00753cam a2200337 i 4500001000700000003000900007005001700016007000700033008003000040015000600070017000900076020001600085035000600101040002500107080000600132082001500138100002200153240000900175245005600184250000600240260003700246300002100283490002400304500000700328500000600335500000600341521003100347700002200378700000900400830000600409000661DO-SdBNP20180209090857.00006611611081977 sp a 00| 0 spa d a  a b  a 8401302226 a  aBPMSUbspacBPMSUe  a  axxxxbxxxx1 a Cravens, Gwyneth1 a l 10aLa muerte negra /cGwyneth Cravens, John S. Marrh  a  a[Madrid] :bPlaza & Janes,c1977 a331p. ;c21 cm. 1 aAlfaguara infantil  a  a  a  aA partir de los 10 años.12a Marr, John S.e 12a e  0a